Central Library OPAC University of Rajshahi

A study of the bronze age pottery of Great Britain & Ireland and its associated grave-goods, (Record no. 19467)

MARC details
000 -LEADER
fixed length control field 01234cam a22003131 4500
001 - CONTROL NUMBER
control field 19467
003 - CONTROL NUMBER IDENTIFIER
rucl marc code BD-RjUL
005 - DATE AND TIME OF LATEST TRANSACTION
control field 20211209000433.0
008 - FIXED-LENGTH DATA ELEMENTS--GENERAL INFORMATION
fixed length control field 140224s1912 enk 000 0 eng d
035 ## - SYSTEM CONTROL NUMBER
System control number (BD-RjUL)19527
System control number (OCoLC)4384491
040 ## - CATALOGING SOURCE
Original cataloging agency DLC
Transcribing agency OCl
Modifying agency OCoLC
-- DLC
-- BD-RjUL
Language of cataloging eng
041 ## - LANGUAGE CODE
Language code of text/sound track or separate title eng
082 00 - DEWEY DECIMAL CLASSIFICATION NUMBER
Classification number 738
Author mark and year ABS V-1 1912
100 1# - MAIN ENTRY--PERSONAL NAME
Personal name Abercromby, John Abercromby,
Dates associated with a name 1841-1924.
9 (RLIN) 59809
245 02 - TITLE STATEMENT
Title A study of the bronze age pottery of Great Britain & Ireland and its associated grave-goods,
Statement of responsibility, etc. by the Hon. John Abercromby, with 1611 illustrations of pottery, 155 examples of grave-goods, and 10 plates showing oramentation /
Remainder of title Abercromby, John Abercromby,
Number of part/section of a work Vol 1
260 ## - PUBLICATION, DISTRIBUTION, ETC. (IMPRINT)
Place of publication, distribution, etc. Oxford :
Name of publisher, distributor, etc. Clarendon press,
Date of publication, distribution, etc. 1912.
300 ## - PHYSICAL DESCRIPTION
Pagination 163p. :
Illustrations illus., CX pl.
Size 34 cm.
650 #0 - SUBJECT ADDED ENTRY--TOPICAL TERM
Topical term or geographic name as entry element Pottery
Geographic subdivision Great Britain.
9 (RLIN) 59810
Topical term or geographic name as entry element Prehistoric peoples
Geographic subdivision Great Britain.
9 (RLIN) 59811
Topical term or geographic name as entry element Funeral rites and ceremonies
Geographic subdivision Great Britain.
9 (RLIN) 59812
Topical term or geographic name as entry element Bronze age
Geographic subdivision Great Britain.
9 (RLIN) 59813
Topical term or geographic name as entry element Grave goods
Geographic subdivision Great Britain.
9 (RLIN) 59814
651 #0 - SUBJECT ADDED ENTRY--GEOGRAPHIC NAME
Geographic name Great Britain
General subdivision Antiquities.
9 (RLIN) 59815
942 ## - ADDED ENTRY ELEMENTS (KOHA)
Source of classification or shelving scheme Dewey Decimal Classification
Koha item type Books
Holdings
Lost status Source of classification or shelving scheme Damaged status Not for loan Collection code Permanent Location Current Location Shelving location Date acquired Source of acquisition Cost, normal purchase price Total Checkouts Full call number Date last seen Copy number Koha item type
  Dewey Decimal Classification     Non-fiction Central Library, University of Rajshahi Central Library, University of Rajshahi   03/09/1957 B.H.Black Well 7.70   738 ABS V-1 1912 24/02/2014 C-3 Books